Prestavovanie výrobnej linky

V príspevku je na základe poznatkov z oblasti matematického programovania rozobraný špeciálny model. Náplňou príspevku sú: spôsob zostrojenia úlohy a možné metódy riešenia. Pre tento model je zostrojený heuristický algoritmus, ktorý prináša pre daný problém prijateľné riešenie. Uvedený problém bol a...

Descripción completa

Guardado en:
Detalles Bibliográficos
Autor principal: Pekár, Juraj, 1972-
Formato: Capítulo de libro
Lenguaje:eslovaco
Materias:
Etiquetas: Agregar Etiqueta
Sin Etiquetas, Sea el primero en etiquetar este registro!

MARC

LEADER 00000nla$a2200000$$$4500
001 0068225
005 20240502083202.6
041 0 |a slo 
044 |a CZ 
245 1 0 |a Prestavovanie výrobnej linky  |c Juraj Pekár 
520 |a V príspevku je na základe poznatkov z oblasti matematického programovania rozobraný špeciálny model. Náplňou príspevku sú: spôsob zostrojenia úlohy a možné metódy riešenia. Pre tento model je zostrojený heuristický algoritmus, ktorý prináša pre daný problém prijateľné riešenie. Uvedený problém bol aplikovaný na výrobný podnik a je riešený pomocou heuristického algoritmu a metódou explicitnej enumerácie. 
610 2 0 |a programovanie matematické 
610 2 0 |a modelovanie matematické 
610 2 0 |a modely 
610 2 0 |a podnik výrobný 
610 2 0 |a linky výrobné 
100 1 |a Pekár, Juraj, 1972-